00552nam a2200169 a 450000100100000000500170001000800410002702000180006804000250008608200170011110000230012824500740015126000310022530000210025650400730027770000320035000004085920201002034431.0130909s1992 sp 000 0 spa d a9788420605623 aDO-SdBNPbspacBNPHU axxxxxbxxxxx1 aRabelais, Francois10aGargantúa /cFrancois Rabelais ; traducción Camilo Flores Varela. aMadrid, :bAlianza,c1992. a258 p. ;c18 cm. aIncluye referencias bibliográficas y notas al pie de las páginas1 aFlores Valera, Camilo,etr.